header

Everyday writing in the Graeco-Roman East (Record no. 245566)

MARC details
000 -LEADER
fixed length control field 01535nam a2200397Ia 4500
100 1# - MAIN ENTRY--AUTHOR NAME
Personal name Bagnall, Roger S.
245 10 - TITLE STATEMENT
Title Everyday writing in the Graeco-Roman East
260 ## - PUBLICATION, DISTRIBUTION, ETC. (IMPRINT)
Place of publication Berkeley :
Name of publisher University of California Press,
Year of publication c2011.
300 ## - PHYSICAL DESCRIPTION
Number of Pages xiv, 179 p. :
Other physical details ill.
490 1# - SERIES STATEMENT
Series statement Sather classical lectures ;
650 #0 - SUBJECT ADDED ENTRY--TOPICAL TERM
Topical Term Coptic inscriptions
Topical Term Graffiti
Topical Term Manuscripts, Greek (Papyri)
Topical Term Ostraka.
Topical Term Printed ephemera
Topical Term Syriac language
Topical Term Written communication
Topical Term Written communication
856 40 - ELECTRONIC LOCATION AND ACCESS
Uniform Resource Identifier http://site.ebrary.com/lib/rucke/Doc?id=10440617

No items available.

© 2026 Rongo University
Contact us: librarian | system librarian | Rongo university